000 01180nam a22003377a 4500
003 CHAP
005 20220329140047.0
008 971013s1976 r 00010 d
010 _a46394
011 _a47366
035 _a51508
040 _cCHAP
090 _aFolleto 10364
100 0 0 _aPérez García, Ponciano.
_989681
245 _aNegro Puebla
_b: nueva variedad de frijol para los Valles Altos de México
260 _aChapingo, Méx. :
_bCampo Agrícola Experimental Valle de México,
_c1976
300 _aHoja desplegable
490 _aINIA. Circular CIAMEC
_v; 83
590 _aBATCH-UPD
_b10
_c20130109
_lUCH01
_h2356
590 _aBATCH-UPD
_b10
_c20130110
_lUCH01
_h1429
590 _aBATCH-UPD
_b10
_c20130409
_lUCH01
_h1929
590 _aBATCH-UPD
_b10
_c20130410
_lUCH01
_h0907
590 _aBATCH-UPD
_b10
_c20130914
_lUCH01
_h1441
590 _aCONVERSION
_b10
_c20130109
_lUCH01
_h1325
650 1 4 _aFrijol
_xVariedades.
_943446
710 0 _aINIA. México. Campo Agrícola Experimental Valle de México.
_958527
830 0 _aINIA. Circular CIAMEC
_v; 83
_958447
901 _aBK
942 _cFOLL
949 _aFolleto 10364
_bBC
_cFOLL
_d-115165
_eTS1
_i51508
_mD
_si
999 _c46394
_d46394